| Tag |
First Indicator |
Second Indicator |
Subfields |
| LEADER |
00000cem a2200000 i 4500 |
| 001 |
in00004587513 |
| 007 |
aj canzn |
| 008 |
210823s2021 orubg ca a f 0 eng c |
| 005 |
20220729215321.6 |
| 035 |
|
|
|a (OCoLC)on1264681288
|
| 040 |
|
|
|a GPO
|b eng
|e rda
|e pn
|c GPO
|d OCLCO
|d OCLCF
|d XFF
|d UPM
|d OCLCO
|d UBY
|d OCLCO
|d TXA
|
| 020 |
|
|
|a 9781628115963
|
| 020 |
|
|
|a 1628115963
|
| 034 |
1 |
|
|a a
|b 126720
|d W1240000
|e W1220000
|f N0430730
|g N0415230
|
| 035 |
|
|
|a (OCoLC)1264681288
|
| 042 |
|
|
|a pcc
|
| 043 |
|
|
|a n-us-or
|a n-us-ca
|
| 050 |
0 |
0 |
|a G4292.R715E63 2021
|b .U5
|
| 052 |
|
|
|a 4292
|b R715
|
| 074 |
|
|
|a 0080-G
|
| 086 |
0 |
|
|a A 13.28:UP 6/2021
|
| 049 |
|
|
|a TXAM
|
| 110 |
2 |
|
|a Rogue River-Siskiyou National Forest (Agency : U.S.),
|e cartographer.
|
| 245 |
1 |
0 |
|a Upper Rogue Basin /
|c U.S. Department of the Interior, Bureau of Land Management, Medford District ; U.S. Department of Agriculture, Forest Service, Rogue River--Siskiyou National Forest.
|
| 255 |
|
|
|a Scale 1:126,720 ;
|b Albers equal area projection, central meridian 123°00ʹ
|c (W 124°00ʹ00ʺ--W 122°00ʹ00ʺ/N 43°07ʹ30ʺ--N 41°52ʹ30ʺ).
|
| 264 |
|
1 |
|a [Portland, Or.] :
|b Forest Service, U.S. Department of Agriculture,
|c 2021.
|
| 300 |
|
|
|a 1 map :
|b both sides, color ;
|c 105 x 158 cm, on sheet 106 x 90 cm, folded to 23 x 11 cm
|
| 336 |
|
|
|a cartographic image
|b cri
|2 rdacontent
|
| 337 |
|
|
|a unmediated
|b n
|2 rdamedia
|
| 338 |
|
|
|a sheet
|b nb
|2 rdacarrier
|
| 490 |
1 |
|
|a Pacific Northwest recreation map series
|
| 500 |
|
|
|a Relief shown by shading and spot heights.
|
| 500 |
|
|
|a Shipping list no. : 2021-0197-P.
|
| 500 |
|
|
|a Map separately titled: East half -- West half.
|
| 500 |
|
|
|a Includes text, indexes to topographic maps, vicinity map, recreation site and trail information, and color illustrations.
|
| 500 |
|
|
|a "M08-02-07."
|
| 651 |
|
0 |
|a Rogue River Watershed (Klamath County-Curry County, Or.)
|v Maps.
|
| 650 |
|
0 |
|a Outdoor recreation
|z Oregon
|z Rogue River Watershed (Klamath County-Curry County)
|v Maps.
|
| 650 |
|
7 |
|a Outdoor recreation.
|2 fast
|0 (OCoLC)fst01049159
|
| 651 |
|
7 |
|a Oregon
|z Rogue River Watershed (Klamath County-Curry County)
|2 fast
|0 (OCoLC)fst01322458
|
| 655 |
|
7 |
|a topographic maps.
|2 aat
|0 (CStmoGRI)aatgf300028361
|
| 655 |
|
7 |
|a tourist maps.
|2 aat
|0 (CStmoGRI)aatgf300028298
|
| 655 |
|
7 |
|a Maps.
|2 fast
|0 (OCoLC)fst01423704
|
| 655 |
|
7 |
|a Topographic maps.
|2 lcgft
|
| 655 |
|
7 |
|a Tourist maps.
|2 lcgft
|
| 655 |
|
7 |
|a Maps.
|2 lcgft
|
| 655 |
|
7 |
|a Cartes géographiques.
|2 rvmgf
|0 (CaQQLa)RVMGF-000000197
|
| 655 |
|
7 |
|a Cartes topographiques.
|2 rvmgf
|0 (CaQQLa)RVMGF-000000208
|
| 655 |
|
7 |
|a Cartes touristiques.
|2 rvmgf
|0 (CaQQLa)RVMGF-000000207
|
| 710 |
1 |
|
|a United States.
|b Bureau of Land Management.
|b Medford District,
|e cartographer.
|
| 830 |
|
0 |
|a Pacific Northwest recreation map series.
|
| 994 |
|
|
|a C0
|b TXA
|
| 999 |
f |
f |
|s 4bb1e576-4317-409a-9aed-19de62319f15
|i 4bb1e576-4317-409a-9aed-19de62319f15
|t 0
|
| 952 |
f |
f |
|p normal
|a Texas A&M University
|b College Station
|c Sterling C. Evans Library
|d Evans: Maps File (2nd floor)
|t 0
|e A 13.28:UP 6/2021
|h Superintendent of Documents classification
|i unmediated -- sheet
|m A14850646580
|
| 998 |
f |
f |
|a A 13.28:UP 6/2021
|t 0
|l Evans: Maps File (2nd floor)
|